00530nam a2200133Ia 4500008004100000100001500041245013400056245005600190260005300246260000900299300001200308650001500320856006100335170221s9999 xx 000 0 und d aSadia Deep aExploring the Role of Problem-Based Learning in Developing Conflict Resolving and other Soft Skills - A Quasi-Experimental Study  cSadia Deep, Berhannudin Mohd Salleh, Hussain Othman bInternational Review of Management and Marketing c2016 a15 : 13 xMarketing. uhttp://www.econjournals.com/index.php/irmm/issue/view/88